[Event "Bled Planinc Memorial 1st"]
[Site "Bled"]
[Date "2018.11.24"]
[Round "5"]
[White "Rozman, Monika"]
[Black "Simoncic, Silvo"]
[Result "1-0"]
[WhiteElo "2141"]
[BlackElo "2135"]
[PlyCount "107"]
[EventDate "2018.11.24"]
[EventType "swiss (blitz)"]
[EventRounds "9"]
[EventCountry "SLO"]
[SourceTitle "CBM 187 Extra"]
[Source "ChessBase"]
[SourceDate "2018.11.04"]
[SourceVersion "1"]
[SourceVersionDate "2018.11.04"]
[SourceQuality "1"]

1. e4 e5 2. Nf3 d6 3. Bc4 Be7 4. c3 Nf6 5. d3 Bg4 6. h3 Bh5 7. 0-0 0-0 8. Nbd2 Nbd7 9. Re1 c6 10. Bb3 Re8 11. Nf1 Nc5 12. Bc2 a5 13. Ng3 Bg6 14. Be3 Ne6 15. Nh4 d5 16. Nhf5 Bf8 17. Qf3 Qc7 18. Rad1 Rad8 19. Bc1 Bc5 20. h4 h5 21. Bg5 Nxg5 22. hxg5 Ng4 23. Ne3 Qb6 24. Re2 Qxb2 25. exd5 cxd5 26. d4 e4 27. Bxe4 dxe4 28. Qxg4 hxg4 29. Rxb2 Bd6 30. Rxb7 Bf4 31. Rdb1 Rc8 32. Ne2 Bxg5 33. R1b5 f6 34. Rxa5 g3 35. Raa7 gxf2+ 36. Kxf2 Kh8 37. Rxg7 Rg8 38. Rgb7 f5 39. g3 Rb8 40. Nf4 Bxf4 41. gxf4 Rxb7 42. Rxb7 Ra8 43. Rb2 Kg7 44. Nc4 Rc8 45. Ne5 Rxc3 46. Rb7+ Kh6 47. Rb6 Rc2+ 48. Kf1 Rc1+ 49. Ke2 Rc2+ 50. Kd1 Rg2 51. Rxg6+ Rxg6 52. Nxg6 Kxg6 53. a4 Kh5 54. Ke2 1-0

[Event "SLO-chT3 West"]
[Site "Postojna"]
[Date "2013.11.22"]
[Round "1"]
[White "Simoncic, Silvo"]
[Black "Hrescak, Ivana"]
[Result "1-0"]
[WhiteElo "2106"]
[BlackElo "1868"]
[PlyCount "45"]
[EventDate "2013.11.22"]
[EventType "team"]
[EventRounds "5"]
[EventCountry "SLO"]
[SourceTitle "EXT 2015"]
[Source "ChessBase"]
[SourceDate "2014.11.20"]
[SourceVersion "1"]
[SourceVersionDate "2014.11.20"]
[SourceQuality "1"]

1. e4 c5 2. Nf3 d6 3. d4 cxd4 4. c3 dxc3 5. Nxc3 Nc6 6. Bc4 e6 7. Qe2 a6 8. 0-0 Be7 9. Rd1 Qc7 10. Bf4 b5 11. Bb3 Na5 12. e5 d5 13. Bc2 Bb7 14. Rac1 Rc8 15. Nd4 Nc6 16. Qg4 g6 17. Nxe6 fxe6 18. Qxe6 Nd8 19. Bxg6+ hxg6 20. Qxg6+ Kf8 21. Nxd5 Qxc1 22. Bxc1 Bxd5 23. Qf5+ 1-0

[Event "SLO-chT3 West"]
[Site "Kocevje"]
[Date "2009.11.14"]
[Round "2"]
[White "Ivanovic, Andrej"]
[Black "Simoncic, Silvo"]
[Result "1-0"]
[WhiteElo "1830"]
[BlackElo "2141"]
[PlyCount "79"]
[EventDate "2009.11.13"]
[EventType "swiss"]
[EventRounds "5"]
[EventCountry "SLO"]
[SourceTitle "EXT 2022"]
[Source "ChessBase"]
[SourceDate "2021.10.06"]
[SourceVersion "1"]
[SourceVersionDate "2021.10.06"]
[SourceQuality "1"]

1. Nf3 Nf6 2. c4 c5 3. d4 cxd4 4. Nxd4 b6 5. Nc3 Bb7 6. Bg5 e6 7. Qc2 a6 8. e4 d6 9. Be2 Nbd7 10. 0-0 Rc8 11. f4 Qc7 12. Rad1 Be7 13. Qb1 h6 14. Bxf6 Nxf6 15. Kh1 0-0 16. Rf3 d5 17. cxd5 exd5 18. e5 Ne4 19. Nf5 Rfd8 20. Nxe4 dxe4 21. Rc3 Rxd1+ 22. Qxd1 Qd8 23. Rxc8 Bxc8 24. Qxd8+ Bxd8 25. Nd6 Be6 26. Bxa6 e3 27. b3 g5 28. f5 Bd5 29. Kg1 Bc7 30. Kf1 f6 31. Bc4 Bxc4+ 32. Nxc4 b5 33. Nxe3 fxe5 34. Nd5 Bd6 35. g4 e4 36. h3 b4 37. Nf6+ Kg7 38. Nxe4 Be5 39. Ke2 h5 40. Nxg5 1-0

[Event "Latschach op 23rd"]
[Site "Latschach"]
[Date "2007.08.12"]
[Round "3"]
[White "Simoncic, Silvo"]
[Black "Gofshtein, Leonid D"]
[Result "0-1"]
[WhiteElo "2156"]
[BlackElo "2541"]
[PlyCount "52"]
[EventDate "2007.08.11"]
[EventType "swiss"]
[EventRounds "9"]
[EventCountry "AUT"]
[SourceTitle "CBM 120 Extra"]
[Source "ChessBase"]
[SourceDate "2007.11.01"]
[SourceVersion "1"]
[SourceVersionDate "2007.11.01"]
[SourceQuality "1"]

1. e4 e5 2. Nf3 Nc6 3. Bb5 a6 4. Ba4 Nge7 5. 0-0 g6 6. d4 exd4 7. Bg5 Bg7 8. c3 h6 9. Bh4 g5 10. Bg3 dxc3 11. Nxc3 d6 12. e5 dxe5 13. Qxd8+ Kxd8 14. Rad1+ Bd7 15. Nxe5 Bxe5 16. Ne4 Bd4 17. Rxd4 Nxd4 18. Rd1 Nef5 19. Bxd7 Kxd7 20. Be5 Rhd8 21. Kf1 Kc8 22. Bf6 Re8 23. g4 Rxe4 24. gxf5 c5 25. b4 Kc7 26. bxc5 Nxf5 0-1

[Event "SLO-chT"]
[Site "Bled"]
[Date "2005.11.05"]
[Round "3"]
[White "Rodman, Franc"]
[Black "Simoncic, Silvo"]
[Result "1/2-1/2"]
[WhiteElo "2231"]
[BlackElo "2174"]
[PlyCount "54"]
[EventDate "2005.11.03"]
[EventType "team"]
[EventRounds "9"]
[EventCountry "SLO"]
[SourceTitle "CBM 109 Extra"]
[Source "ChessBase"]
[SourceDate "2006.01.03"]
[SourceVersion "2"]
[SourceVersionDate "2006.01.03"]
[SourceQuality "1"]

1. d4 g6 2. c4 Bg7 3. Nc3 d6 4. Nf3 Bg4 5. e3 Nc6 6. Be2 e5 7. d5 Nce7 8. 0-0 Nf6 9. Ne1 Bxe2 10. Qxe2 c6 11. e4 0-0 12. Nd3 cxd5 13. cxd5 Nh5 14. f4 exf4 15. Nxf4 Qb6+ 16. Be3 Nxf4 17. Rxf4 Qa5 18. Rd1 Rae8 19. Qf2 f5 20. Bd4 Be5 21. Bxe5 dxe5 22. Rf3 fxe4 23. Nxe4 Nxd5 24. Qc5 Qxc5+ 25. Nxc5 Rxf3 26. gxf3 Nf6 27. Nxb7 e4 1/2-1/2

[Event "Finkenstein op"]
[Site "Finkenstein"]
[Date "1996.??.??"]
[Round "4"]
[White "Achleitner, Robert"]
[Black "Simoncic, Silvo"]
[Result "0-1"]
[WhiteElo "1830"]
[BlackElo "2160"]
[PlyCount "78"]
[EventDate "1996.??.??"]
[EventType "swiss"]
[EventRounds "9"]
[EventCountry "AUT"]
[SourceTitle "EXT 1997"]
[Source "ChessBase"]
[SourceDate "1996.11.15"]
[SourceVersion "1"]
[SourceVersionDate "1996.11.15"]
[SourceQuality "1"]

1. d4 Nf6 2. e3 g6 3. Bd3 Bg7 4. Nd2 0-0 5. f4 d6 6. Ngf3 Nc6 7. 0-0 e5 8. c3 Re8 9. Qc2 Nd5 10. Nb3 a5 11. a4 Qe7 12. fxe5 dxe5 13. e4 Nf6 14. d5 Nb8 15. Bg5 Nbd7 16. Bb5 Qd6 17. Rad1 h6 18. Be3 Ng4 19. Bc1 Rf8 20. c4 Nc5 21. Nxa5 Nxe4 22. Nxb7 Bxb7 23. Qxe4 Qc5+ 24. Kh1 Nf2+ 25. Rxf2 Qxf2 26. Nxe5 Rad8 27. Nd7 Rfe8 28. Nf6+ Bxf6 29. Bxe8 c6 30. d6 Rxd6 31. Qe1 Rxd1 32. Qxd1 c5 33. Qg1 Qe2 34. Be3 Bd4 35. Bxd4 cxd4 36. c5 Qxe8 37. h3 Qe2 38. a5 d3 39. a6 Be4 0-1

[Event "Finkenstein op"]
[Site "Finkenstein"]
[Date "1996.??.??"]
[Round "9"]
[White "Simoncic, Silvo"]
[Black "Hon, Andrew"]
[Result "1-0"]
[WhiteElo "2160"]
[BlackElo "2215"]
[PlyCount "59"]
[EventDate "1996.??.??"]
[EventType "swiss"]
[EventRounds "9"]
[EventCountry "AUT"]
[SourceTitle "EXT 1997"]
[Source "ChessBase"]
[SourceDate "1996.11.15"]
[SourceVersion "1"]
[SourceVersionDate "1996.11.15"]
[SourceQuality "1"]

1. e4 d6 2. d4 Nf6 3. Nc3 g6 4. Bg5 Bg7 5. Nf3 c6 6. a4 0-0 7. h3 d5 8. Bd3 dxe4 9. Nxe4 Nxe4 10. Bxe4 Nd7 11. 0-0 Nf6 12. Bd3 Nd5 13. Qd2 Be6 14. Rfe1 Qc7 15. Bh6 Rad8 16. Re4 Nf6 17. Rh4 Bh8 18. Bxf8 Rxf8 19. Ng5 Bg7 20. Nxe6 fxe6 21. Re1 Qd6 22. Bc4 Nd5 23. Rhe4 Rf6 24. g3 Nc7 25. Qe2 Kf7 26. c3 b6 27. f4 Nd5 28. Re5 Bh6 29. Bxd5 cxd5 30. Qa6 1-0

[Event "Finkenstein op"]
[Site "Finkenstein"]
[Date "1996.??.??"]
[Round "7"]
[White "Simoncic, Silvo"]
[Black "Lindoerfer, Klaus"]
[Result "1-0"]
[WhiteElo "2160"]
[BlackElo "2080"]
[PlyCount "153"]
[EventDate "1996.??.??"]
[EventType "swiss"]
[EventRounds "9"]
[EventCountry "AUT"]
[SourceTitle "EXT 1997"]
[Source "ChessBase"]
[SourceDate "1996.11.15"]
[SourceVersion "1"]
[SourceVersionDate "1996.11.15"]
[SourceQuality "1"]

1. e4 e5 2. Nf3 Nf6 3. Bc4 Nxe4 4. Nc3 Nxc3 5. dxc3 c6 6. Nxe5 d5 7. Bb3 Bd6 8. Nd3 0-0 9. Qh5 Nd7 10. 0-0 Nf6 11. Qh4 Ng4 12. Qxd8 Rxd8 13. Bf4 Bf5 14. Rfe1 Bxf4 15. Nxf4 Re8 16. f3 Ne5 17. Kf2 h6 18. g4 Bh7 19. Rad1 Kf8 20. Rd4 Re7 21. a4 Rae8 22. Red1 a5 23. R1d2 f5 24. h3 Kf7 25. Nxd5 cxd5 26. Rxd5 Kf8 27. Rxa5 fxg4 28. hxg4 Bg8 29. Bxg8 Kxg8 30. Rb5 Rf8 31. Re2 Nxg4+ 32. Ke1 Rfe8 33. Rxe7 Rxe7+ 34. Kd2 Nf6 35. c4 h5 36. Rg5 Kh7 37. b4 Kh6 38. Rg1 g5 39. c5 Nd5 40. b5 h4 41. c4 Nf4 42. a5 Rc7 43. c6 bxc6 44. b6 Rd7+ 45. Kc2 Nd3 46. Kc3 Nc5 47. Ra1 Na6 48. Re1 Rf7 49. Re6+ Kh5 50. Rxc6 Rxf3+ 51. Kd4 Rb3 52. c5 g4 53. Rc8 g3 54. Rh8+ Kg4 55. c6 Kf3 56. c7 g2 57. Rg8 Rb4+ 58. Kc3 Rb5 59. c8Q Rc5+ 60. Qxc5 Nxc5 61. Kc4 Na6 62. Kb5 h3 63. Kxa6 h2 64. b7 g1Q 65. b8Q Qf1+ 66. Ka7 Qg1+ 67. Ka8 h1Q 68. Qb7+ Ke2 69. Rxg1 Qxg1 70. Qe4+ Kd2 71. Qd5+ Kc2 72. a6 Qf1 73. a7 Qf8+ 74. Kb7 Qb4+ 75. Kc7 Qe7+ 76. Kb6 Qb4+ 77. Qb5 1-0

[Event "Finkenstein op"]
[Site "Finkenstein"]
[Date "1996.??.??"]
[Round "5"]
[White "Simoncic, Silvo"]
[Black "Praznik, Anton"]
[Result "0-1"]
[WhiteElo "2160"]
[BlackElo "2230"]
[PlyCount "130"]
[EventDate "1996.??.??"]
[EventType "swiss"]
[EventRounds "9"]
[EventCountry "AUT"]
[SourceTitle "EXT 1997"]
[Source "ChessBase"]
[SourceDate "1996.11.15"]
[SourceVersion "1"]
[SourceVersionDate "1996.11.15"]
[SourceQuality "1"]

1. e4 d6 2. d4 Nf6 3. Nc3 g6 4. Bg5 Bg7 5. Nf3 h6 6. Bf4 Nc6 7. Qd2 g5 8. Be3 Ng4 9. 0-0-0 Nxe3 10. Qxe3 e5 11. dxe5 Nxe5 12. Nxe5 Bxe5 13. g3 g4 14. Kb1 Be6 15. h3 h5 16. Be2 Rg8 17. hxg4 hxg4 18. Rh5 Qf6 19. Nd5 Bxd5 20. exd5 Kf8 21. f3 gxf3 22. Rf1 Rxg3 23. Bxf3 Re8 24. Qf2 Qf4 25. a3 Qd4 26. Rxe5 Qxe5 27. Bh5 Qxh5 28. Qxg3 Re2 29. Qd3 Qe5 30. Ka2 Qe4 31. Qh3 Qxd5+ 32. Kb1 Qc4 33. Qh8+ Ke7 34. Qf6+ Kd7 35. Qf5+ Kc6 36. b3 Qe6 37. Qf3+ Kb6 38. Qc3 Qe5 39. Qb4+ Qb5 40. Qd4+ Qc5 41. Qd3 Qe5 42. Ka2 Qb5 43. Qxb5+ Kxb5 44. Kb2 Re7 45. c4+ Kc6 46. Kc3 a5 47. Kd4 b6 48. b4 axb4 49. axb4 Kd7 50. c5 bxc5+ 51. bxc5 dxc5+ 52. Kxc5 Ke8 53. Kc6 Re5 54. Kxc7 Ke7 55. Kc6 f5 56. Rh1 Kf6 57. Kd6 Re4 58. Kd5 Ra4 59. Rh8 Kg5 60. Rg8+ Kf4 61. Rh8 Kg4 62. Rg8+ Kf3 63. Ke5 f4 64. Rf8 Ke3 65. Kf5 f3 0-1

[Event "Bled op-B"]
[Site "Bled"]
[Date "1995.??.??"]
[Round "2"]
[White "Riznar, Helena"]
[Black "Simoncic, Silvo"]
[Result "0-1"]
[WhiteElo "1900"]
[BlackElo "2160"]
[PlyCount "60"]
[EventDate "1995.03.??"]
[EventType "swiss"]
[EventRounds "9"]
[EventCountry "SLO"]
[SourceTitle "EXT 1997"]
[Source "ChessBase"]
[SourceDate "1996.11.15"]
[SourceVersion "1"]
[SourceVersionDate "1996.11.15"]
[SourceQuality "1"]

1. e4 g6 2. d4 Bg7 3. Nf3 d6 4. Nc3 Nf6 5. Bf4 0-0 6. Qd2 c5 7. Bh6 Bxh6 8. Qxh6 cxd4 9. Nxd4 Qb6 10. 0-0-0 Nc6 11. Qd2 Bd7 12. Be2 Rac8 13. h4 h5 14. f3 Nxd4 15. Qxd4 Rc5 16. Rhg1 Rfc8 17. g4 Be6 18. a3 Qa5 19. g5 Nd7 20. f4 b5 21. Qb4 Qb6 22. Bxb5 a5 23. Qa4 Rxc3 24. bxc3 Nc5 25. Qd4 Qxb5 26. Kd2 Qb2 27. Qe3 Nb3+ 28. Ke1 Rxc3 29. Qb6 Rxc2 30. Rg3 Bc4 0-1

[Event "Bled op-B"]
[Site "Bled"]
[Date "1995.??.??"]
[Round "3"]
[White "Simoncic, Silvo"]
[Black "Rusjan, Miran"]
[Result "0-1"]
[WhiteElo "2160"]
[BlackElo "2235"]
[PlyCount "36"]
[EventDate "1995.03.??"]
[EventType "swiss"]
[EventRounds "9"]
[EventCountry "SLO"]
[SourceTitle "EXT 1997"]
[Source "ChessBase"]
[SourceDate "1996.11.15"]
[SourceVersion "1"]
[SourceVersionDate "1996.11.15"]
[SourceQuality "1"]

1. e4 c5 2. Nf3 e6 3. d4 cxd4 4. Nxd4 a6 5. Nc3 Qc7 6. a3 b5 7. Bd3 Nc6 8. Be3 Nf6 9. 0-0 Bb7 10. Qf3 Bd6 11. Qh3 h5 12. Rfe1 Ng4 13. Rad1 Bxh2+ 14. Kh1 Bf4 15. Nd5 exd5 16. exd5 Bxe3 17. Rxe3+ Kf8 18. Qh4 g5 0-1

[Event "Finkenstein op"]
[Site "Finkenstein"]
[Date "1994.??.??"]
[Round "?"]
[White "Simoncic, Silvo"]
[Black "Kiss, Judit"]
[Result "0-1"]
[WhiteElo "2165"]
[BlackElo "1905"]
[PlyCount "52"]
[EventDate "1994.??.??"]
[EventType "swiss"]
[EventRounds "9"]
[EventCountry "AUT"]
[SourceTitle "EXT 1997"]
[Source "ChessBase"]
[SourceDate "1996.11.15"]
[SourceVersion "1"]
[SourceVersionDate "1996.11.15"]
[SourceQuality "1"]

1. e4 e6 2. d4 d5 3. Nc3 dxe4 4. Nxe4 Be7 5. Bd3 Nd7 6. Nf3 Ngf6 7. Ng3 b6 8. 0-0 Bb7 9. Re1 0-0 10. Ne5 c5 11. c3 Rc8 12. Qe2 Qc7 13. Bg5 Nd5 14. Bxe7 Nxe7 15. Nxd7 Qxd7 16. Rad1 cxd4 17. Qh5 g6 18. Qh3 Nd5 19. Ne4 Qe7 20. Qh6 dxc3 21. Ng5 Nf6 22. bxc3 Rfd8 23. Qh4 Rc7 24. Bc4 Rxd1 25. Rxd1 h5 26. Qd4 Rd7 0-1